Beware the rating cowboy (Record no. 60512)

MARC details
000 -LEADER
fixed length control field 00949cam a2200217 4500
001 - CONTROL NUMBER
control field ABS60857
008 - FIXED-LENGTH DATA ELEMENTS--GENERAL INFORMATION
fixed length control field 000000n1999 000 0 eng u
035 ## - SYSTEM CONTROL NUMBER
System control number (Sirsi) u101368
100 ## - MAIN ENTRY--PERSONAL NAME
Personal name Yule, A.
245 ## - TITLE STATEMENT
Title Beware the rating cowboy
260 ## - PUBLICATION, DISTRIBUTION, ETC.
Date of publication, distribution, etc. 1999
490 ## - SERIES STATEMENT
Series statement Solicitors' Journal
Volume/sequential designation 143(23) 11 June 1999, 569(1)
520 ## - SUMMARY, ETC.
Summary, etc. The introduction of the new Rating List on 1 April 2000 could lead to an increase of rateable value for many properties, against which occupiers may wish to appeal. The author warns against so-called 'cowboy' rating consultants who promise substantial refunds which they then fail to deliver. Outlines the appeals procedure, how to spot 'cowboys' and the importance of obtaining reliable professional advice.
650 ## - SUBJECT ADDED ENTRY--TOPICAL TERM
Topical term or geographic name entry element RATING LIST
650 ## - SUBJECT ADDED ENTRY--TOPICAL TERM
Topical term or geographic name entry element RATING APPEALS
650 ## - SUBJECT ADDED ENTRY--TOPICAL TERM
Topical term or geographic name entry element PROFESSIONAL ADVICE
650 ## - SUBJECT ADDED ENTRY--TOPICAL TERM
Topical term or geographic name entry element BAD PRACTICE
650 ## - SUBJECT ADDED ENTRY--TOPICAL TERM
Topical term or geographic name entry element RATING COWBOYS
690 ## - LOCAL SUBJECT ADDED ENTRY--TOPICAL TERM (OCLC, RLIN)
Topical term or geographic name as entry element RATING AND VALUATION
942 ## - ADDED ENTRY ELEMENTS (KOHA)
Suppress in OPAC 0
Holdings
Withdrawn status Lost status Source of classification or shelving scheme Damaged status Not for loan Home library Current library Shelving location Date acquired Total Checkouts Full call number Barcode Date last seen Copy number Price effective from Koha item type
    Dewey Decimal Classification     London London Journal article 04/11/1999   ABS60851 101368-1001 06/08/2019 1 06/08/2019 Journal article